Obras de don Francisco de Quevedo Villegas
Gardado en:
| Main Authors: | , |
|---|---|
| Formato: | Libro |
| Idioma: | Lingua castelá |
| Publicado: |
Madrid
Atlas
1946
|
| Series: | Biblioteca de Autores Españoles desde la formación del lenguaje hasta nuestros días, 23-48-69
|
| Subjects: | |
| Tags: |
Engadir etiqueta
Sen Etiquetas, Sexa o primeiro en etiquetar este rexistro!
|
MARC
| LEADER | 00000nam a2200000 a 4500 | ||
|---|---|---|---|
| 001 | UCX5540 | ||
| 003 | CL-VaPUC | ||
| 008 | 921125e19460000SP |||||||||||||||||spa|d | ||
| 082 | 0 | 4 | |a 860.9 |b FER |2 21 |
| 100 | 0 | |a Fernández-Guerra y Orbe, Aureliano |e author |9 321823 | |
| 700 | 0 | |a Janer, Florencio |e author |9 321824 | |
| 245 | 1 | 0 | |a Obras de don Francisco de Quevedo Villegas |
| 300 | |a 3 v | ||
| 942 | |c BK | ||
| 945 | |d 19921125 00:00:00 | ||
| 260 | |a Madrid |b Atlas |c 1946 | ||
| 600 | 0 | 7 | |a QUEVEDO, FRANCISCO DE |2 CL-VaPUC |9 254892 |
| 650 | 0 | |a Poesías españolas |9 265100 | |
| 650 | 7 | |a LITERATURA RELIGIOSA ESPAÑOLA |2 CL-VaPUC |9 314131 | |
| 583 | |a last modification |c 19921125 00:00:00 |k Rodrigo Vera | ||
| 490 | 0 | |a Biblioteca de Autores Españoles desde la formación del lenguaje hasta nuestros días, 23-48-69 | |
| 999 | |c 225757 |d 225755 | ||
| 952 | |0 0 |1 0 |4 0 |6 860_900000000000000_FER_1946 |7 0 |8 A |9 223543 |a FDOPOS |b BIBEDU |d 2019-11-15 |h v.1 |i 2923785 |l 3 |m 2 |o 860.9 FER 1946 |p 2923785 |r 2025-01-22 |s 2024-09-10 |w 2019-11-15 |y BK |k MLH | ||
| 952 | |0 0 |1 0 |4 0 |6 860_900000000000000_FER_1946 |7 0 |8 A |9 223544 |a FDOPOS |b BIBEDU |d 2019-11-15 |h v.2 |i 2923793 |l 1 |o 860.9 FER 1946 |p 2923793 |r 2025-01-22 |s 2023-03-22 |w 2019-11-15 |y BK |k MLH | ||
| 952 | |0 0 |1 0 |4 0 |6 860_900000000000000_FER_1946 |7 0 |8 A |9 223545 |a FDOPOS |b BIBEDU |d 2019-11-15 |h v.3 |i 2923807 |l 5 |o 860.9 FER 1946 |p 2923807 |r 2025-01-22 |s 2023-06-22 |w 2019-11-15 |y BK |k MLH | ||